000 00185nam a2200085Ia 4500
008 120527s9999 xx 000 0 und d
100 _aHyman, N. David
245 _aEconomics
942 _cBK
999 _c27208
_d27208